10 ideas claves. Enseñar la competencia oral en clase. Aprender a hablar en público
Saved in:
| Main Authors: | , |
|---|---|
| Format: | Bog |
| Sprog: | spansk |
| Udgivet: |
Barcelona, España
Graó
2014
|
| Udgivelse: | 1a. edición |
| Serier: | Ideas Clave,
|
| Fag: | |
| Tags: |
Tilføj Tag
Ingen Tags, Vær først til at tagge denne postø!
|
MARC
| LEADER | 00000cam a2200000 a 4500 | ||
|---|---|---|---|
| 001 | UCE9754 | ||
| 003 | CL-VaPUC | ||
| 005 | 20201022001207.0 | ||
| 008 | 151106e20140000sp |||||||||||||||||spa|d | ||
| 999 | |c 361399 |d 361397 | ||
| 020 | |a 9788499805443 | ||
| 040 | |c Pontificia Universidad Católica de Valparaíso | ||
| 082 | 0 | 4 | |a 808.51 VIL 2014 |2 21 |
| 100 | 0 | |a Vilà Santasusana, Montserrat |e author |9 228 | |
| 245 | 1 | 0 | |a 10 ideas claves. |b Enseñar la competencia oral en clase. Aprender a hablar en público |
| 250 | |a 1a. edición | ||
| 260 | |a Barcelona, España |b Graó |c 2014 | ||
| 300 | |a 212 páginas | ||
| 440 | |a Ideas Clave, |n 22 |9 857451 | ||
| 583 | |a last modification |c 20151106 14:16:00 |k Rodrigo Vera | ||
| 650 | 0 | |a Lingüística |9 265068 | |
| 650 | 0 | |a Expresión oral |9 334815 | |
| 650 | 0 | |a Comunicación verbal |2 CL-VaPUC |9 348502 | |
| 700 | 0 | |a Castellà Lidon, Josep M |e author |9 582656 | |
| 852 | |a BIBEDU | ||
| 942 | |c BK |2 ddc | ||
| 945 | |d 20151106 14:16:00 |a dcastane | ||
| 952 | |0 0 |1 0 |3 erb |4 0 |6 808_510000000000000_VIL_2014 |7 0 |8 A |9 471847 |a BIBEDU |b BIBEDU |i 5247624 |l 1 |o 808.51 VIL 2014 |p 5247624 |r 2022-06-01 |s 2022-05-31 |w 2019-11-24 |y BK |z Catalogado en:20151106 |k EBA | ||
| 952 | |0 0 |1 0 |3 erb |4 0 |6 808_510000000000000_VIL_2014 |7 0 |8 A |9 471848 |a BIBEDU |b BIBEDU |i 5247616 |l 2 |o 808.51 VIL 2014 |p 5247616 |r 2023-03-06 |s 2023-01-24 |w 2019-11-24 |y BK |z Catalogado en:20151106 |k EBA | ||
| 952 | |0 0 |1 0 |3 erb |4 0 |6 808_510000000000000_VIL_2014 |7 0 |8 A |9 471849 |a BIBEDU |b BIBEDU |d 2020-08-08 |e 11 |g 26000.00 |i 5557763 |l 4 |o 808.51 VIL 2014 |p 5557763 |r 2022-07-05 |s 2022-06-28 |v 26000.00 |w 2019-11-24 |y BK |z Catalogado en:20190814 |k EBA | ||
| 952 | |0 0 |1 0 |3 erb |4 0 |6 808_510000000000000_VIL_2014 |7 0 |8 A |9 471850 |a BIBEDU |b BIBEDU |d 2020-08-08 |e 11 |g 26000.00 |i 5557771 |o 808.51 VIL 2014 |p 5557771 |r 2019-11-24 |v 26000.00 |w 2019-11-24 |y BK |z Catalogado en:20190814 |k EBA | ||
| 952 | |0 0 |1 0 |3 erb |4 0 |6 808_510000000000000_VIL_2014 |7 0 |8 A |9 471851 |a BIBEDU |b BIBEDU |d 2020-08-08 |e 11 |g 26000.00 |i 555778K |l 3 |m 2 |o 808.51 VIL 2014 |p 555778K |r 2024-05-29 |s 2024-05-15 |v 26000.00 |w 2019-11-24 |y BK |z Catalogado en:20190814 |k EBA | ||